| 000 | 00663nam a2200205 a 4500 | ||
|---|---|---|---|
| 005 | 20231125063705.0 | ||
| 008 | 020903s1995 mx r 000 0 spa d | ||
| 020 | _a9684962983 | ||
| 035 | _aUPN01000118881 | ||
| 049 | _aCG | ||
| 050 | 4 |
_aF1221 T6 _bCH4.2 |
|
| 100 | 1 |
_aChenaut González, María Victoria _938115 |
|
| 245 | 1 | 0 |
_aAquéllos que vuelan : _blos totonacas en el siglo XIX / _cVictoria Chenaut. |
| 260 |
_aMéxico : _bCIESAS : _bINI, _c1995. |
||
| 300 |
_a302 p. : _bil., cuadros, mapas |
||
| 440 | 0 | _aHistoria de los pueblos indígenas de México | |
| 650 | 4 |
_aTOTONACOS _918880 |
|
| 650 | 4 |
_aIndígenas de México _zVeracruz _917066 |
|
| 905 | _aLibro | ||
| 999 |
_c91244 _d91244 |
||